000 00615nam a2200193 a 4500
001 13903
003 CO-ViMGA
008 141112s2004 ck r 000 u spa d
020 _a842550886X
040 _aCO-ViMGA
_bspa
_cCO-ViMGA
082 0 4 _a796.352 J126g
100 1 _aJacobs, John
_920272
245 1 0 _aGolf con John Jacobs :
_blecciones del mas prestigioso instrutor del mundo sobre el equipo, tecnica, golpes y correccion de defectos
260 _aBarcelona :
_bHispano Europea,
_c1991
300 _a111
590 _aForma de adquisición : Compra
650 1 4 _aGOLF - ENSEÑANZA
_920273
942 _2ddc
_cBK
999 _c24605
_d24605